000 00356 a2200109 4500
001 ART_34685
005 20260410161928.0
008 260409a
245 1 0 _aLa proyección de la experiencia argentina en derechos humanos
100 1 _aVillegas Beltrán, Federico
773 0 _tDerechos humanos
_g- Año III, Nº 7 (sep. 2015)
_wREV22278
999 _c28330
_d28330